| 000 -LEADER |
| fixed length control field |
01870nam a2200433 4500 |
| 005 - DATE AND TIME OF LATEST TRANSACTION |
| control field |
20260418105826.0 |
| 008 - FIXED-LENGTH DATA ELEMENTS--GENERAL INFORMATION |
| fixed length control field |
260415b xxu||||| |||| 00| 0 eng d |
| 040 ## - CATALOGING SOURCE |
| Transcribing agency |
Cagayan State University |
| 082 ## - DEWEY DECIMAL CLASSIFICATION NUMBER |
| Classification number |
791.4372 |
| Item number |
P957 1991 |
| 245 ## - TITLE STATEMENT |
| Title |
The Princess and the Goblin / |
| Statement of responsibility, etc |
produced by József Gémes ; writer Robin Lyons, George MacDonald. |
| 260 ## - PUBLICATION, DISTRIBUTION, ETC. (IMPRINT) |
| Place of publication, distribution, etc |
Cardiff, Wales ; |
| Name of publisher, distributor, etc |
Siriol Animation, |
| Date of publication, distribution, etc |
1991. |
| 300 ## - PHYSICAL DESCRIPTION |
| Extent |
1 videofile, (ca. 82 mins) ; |
| Other physical details |
sound, color. |
| Dimensions |
CD ROM |
| 500 ## - GENERAL NOTE |
| General note |
Animated film based on the novel by George Macdonald. |
| 500 ## - GENERAL NOTE |
| General note |
Themes include bravery, loyalty, and friendship. |
| 500 ## - GENERAL NOTE |
| General note |
Includes musical score and sound effects supporting the narrative. |
| 520 ## - SUMMARY, ETC. |
| Summary, etc |
In this 1991 animated fantasy film, Princess Irene and a brave miner boy, Curdie, defend their kingdom from malevolent, tunnel-dwelling goblins. With the help of Irene’s magical, ethereal great-great-grandmother and her enchanted thread, the pair foils the goblins' plot to kidnap Irene and flood the castle, saving the kingdom through courage and teamwork. |
| 521 ## - TARGET AUDIENCE NOTE |
| Target audience note |
Suitable for general audiences. |
| 546 ## - LANGUAGE NOTE |
| Language note |
Dialogue in English and with English subtitle. |
| 650 ## - SUBJECT ADDED ENTRY--TOPICAL TERM |
| Topical term or geographic name as entry element |
Animated film. |
| 650 ## - SUBJECT ADDED ENTRY--TOPICAL TERM |
| Topical term or geographic name as entry element |
Princesses. |
| 650 ## - SUBJECT ADDED ENTRY--TOPICAL TERM |
| Topical term or geographic name as entry element |
Fairy Tails. |
| 650 ## - SUBJECT ADDED ENTRY--TOPICAL TERM |
| Topical term or geographic name as entry element |
Goblins. |
| 655 ## - INDEX TERM--GENRE/FORM |
| Genre/form data or focus term |
Fantasy. |
| 655 ## - INDEX TERM--GENRE/FORM |
| Genre/form data or focus term |
Adventure. |
| 655 ## - INDEX TERM--GENRE/FORM |
| Genre/form data or focus term |
Children's film. |
| 655 ## - INDEX TERM--GENRE/FORM |
| Genre/form data or focus term |
Family film. |
| 700 ## - ADDED ENTRY--PERSONAL NAME |
| Personal name |
Gémes, József, director. |
| 700 ## - ADDED ENTRY--PERSONAL NAME |
| Personal name |
Lyons, Robin, writer and producer. |
| 700 ## - ADDED ENTRY--PERSONAL NAME |
| Personal name |
MacDonald, George, writer. |
| 700 ## - ADDED ENTRY--PERSONAL NAME |
| Personal name |
Dárdai, Marietta, producer. |
| 700 ## - ADDED ENTRY--PERSONAL NAME |
| Personal name |
Walsh, Steve, producer. |
| 700 ## - ADDED ENTRY--PERSONAL NAME |
| Personal name |
Marsovszky, Emõk, producer. |
| 700 ## - ADDED ENTRY--PERSONAL NAME |
| Personal name |
Marsh, Sally Ann, cast. |
| 700 ## - ADDED ENTRY--PERSONAL NAME |
| Personal name |
Mayall, Rik, cast. |
| 700 ## - ADDED ENTRY--PERSONAL NAME |
| Personal name |
Murray, Peter, cast. |
| 700 ## - ADDED ENTRY--PERSONAL NAME |
| Personal name |
Lerch, István, composer. |
| 700 ## - ADDED ENTRY--PERSONAL NAME |
| Personal name |
Hap, Magda, editor. |
| 942 ## - ADDED ENTRY ELEMENTS (KOHA) |
| Source of classification or shelving scheme |
|
| Item type |
Audio-Visual Materials |